| 000 | 01251cam a22003737a 4500 | ||
|---|---|---|---|
| 003 | CHAP | ||
| 005 | 20220329142447.0 | ||
| 008 | 010320d2000 mx a r 00110 spa d | ||
| 010 | _a83788 | ||
| 011 | _a84760 | ||
| 020 | _a968752961X | ||
| 035 | _a95286 | ||
| 040 | _cCHAP | ||
| 082 | 0 | 4 |
_a657 _bW37Y 1999 |
| 100 | 0 | 0 |
_aWarren, Carl S. _9121102 |
| 245 | 1 | 0 |
_aContabilidad administrativa _c/por Carl S. Warren, James M. Reeve y Philip E. Fess |
| 260 |
_aMéxico, D.F. : _bInternational Thomson, _c2000. |
||
| 300 |
_a1144 p. _bilus. ; apénd. ; glosario |
||
| 500 | _aTrad. de : Managerial accounting 6ed., 1999. | ||
| 590 |
_aBATCH-UPD _b10 _c20130110 _lUCH01 _h0500 |
||
| 590 |
_aBATCH-UPD _b10 _c20130110 _lUCH01 _h2346 |
||
| 590 |
_aBATCH-UPD _b10 _c20130410 _lUCH01 _h0138 |
||
| 590 |
_aBATCH-UPD _b10 _c20130914 _lUCH01 _h1038 |
||
| 590 |
_aCONVERSION _b10 _c20130109 _lUCH01 _h1347 |
||
| 650 | 1 | 4 |
_aContabilidad. _927421 |
| 650 | 1 | 4 |
_aCostos de producción. _928514 |
| 650 | 1 | 4 |
_aPresupuesto. _991543 |
| 700 | 0 |
_aFess, Philip E. _940657 |
|
| 700 | 0 |
_aReeve, James M. _995452 |
|
| 901 | _aBK | ||
| 905 | _aLilia Sánchez G. | ||
| 942 | _cLIBRO | ||
| 949 |
_a657 W37Y 1999 _bBC _cLIBRO _d33724000820247 _eLIBRO _gI.210983 _h99886 _i95286 _si _t$170.00 |
||
| 999 |
_c83788 _d83788 |
||